Aplikácie virtuálnej reality vo vizuálnom dolovaní v dátach

Saved in:
Bibliographic Details
Main Author: Manduch, Jozef (Author)
Other Authors: Šperka, Martin, 1945- (Thesis advisor)
Format: Manuscript Book
Language:Slovak
Published: Bratislava : STU, 2006
Subjects:
Tags: Add Tag
No Tags, Be the first to tag this record!

MARC

LEADER 00000ntm a22000003a 4500
001 stu139154
005 20180423131228.1
008 070322s2006----xo------------------slo-d
040 |a STU  |b slo 
041 0 |a slo 
044 |a xo 
100 1 |a Manduch, Jozef  |4 aut 
245 1 |a Aplikácie virtuálnej reality vo vizuálnom dolovaní v dátach 
260 |a Bratislava :  |b STU,  |c 2006 
300 |a 52 s  |c príl 
650 7 |a informačné systémy  |2 stusub 
700 1 |a Šperka, Martin,  |d 1945-  |4 ths  |X 1924  |7 1924 
996 |c I*DP69/06  |l II680  |s P  |a 0  |w stu139154_0001